Biblioteca

Los yanomami (Registro nro. 68115)

Detalles MARC
000 -LÍDER
Campo fijo de descripción fija 01191nas a2200229 i 4500
001 - NÚMERO DE CONTROL
Campo de control 768714001
003 - IDENTIFICADOR DEL NÚMERO DE CONTROL
Campo de control CO-MdFUSB
005 - FECHA Y HORA DE LA ULTIMA TRANSACCIÓN
control field 20240823122153.0
008 - ELEMENTOS DE LONGITUD FIJA -- INFORMACIÓN GENERAL
Campo fijo de descripción fija -- Información general 220905s1984 ck ||||| |||| 00| 0 spa d
040 ## - FUENTE DE CATALOGACIÓN
Idioma de catalogación spa
Agencia que realiza la transcripción CO-MdFUSB
Agencia que realiza la modificación CO-MdFUSB
041 ## - CÓDIGO DE IDIOMA
Código de idioma para texto/pista de sonido o título separado spa
100 ## - ASIENTO PRINCIPAL--NOMBRE PERSONAL
Nombre personal Premarini, Juan Bautista,
Término relacionador autor
245 #4 - TÍTULO
Título Los yanomami
Mención de responsabilidad / Padre. Juan Bautista Premarini , María Isabel Eguíllor García
300 ## - DESCRIPCIÓN FÍSICA
Extensión Volumen 62, (diciembre, 1984) páginas: 17 - 102
Dimensiones ; 23 cm
520 ## - NOTA DE RESUMEN, ETC.
Nota de sumario, etc. Ni los mismos Yanomami saben lo que su denominación significa. No les interesa. Ellos son lo que son: YANOMAMI; algo que los llena de orgullo y de autocomplacencia.<br/>Los Yanomani viven en el área comprendida por las cabeceras del Río Orinoco y sus afluentes Mavaca, Ocamo, Padamo, Matacu- ní, en Venezuela y por los tributarios de los ríos Branco y Negro en Brasil.
650 #7 - ASIENTO SECUNDARIO DE MATERIA - TERMINO TEMÁTICO
9 (RLIN) 3
Término temático o nombre geográfico como elemento de entrada Cultura
650 #7 - ASIENTO SECUNDARIO DE MATERIA - TERMINO TEMÁTICO
Término temático o nombre geográfico como elemento de entrada Antropología cultural y social
9 (RLIN) 6714
700 ## - ENTR. SECUNDARIA - Nombre Personal (R)
Nombre de persona Eguíllor García, María Isabel,
Término indicativo de función autor
773 0# - ASIENTO DE ITEM FUENTE
Biblionumber 49438
Itemnumber 81249
Lugar, editorial y fecha de publicación Centro Antropológico Colombiano
Otro identificador del ítem R1674
Título Ethnia
Número de control del registro (CO-MdFUSB)768714001
Parte(s) relacionada(s) / Volumen., número. (mes año), páginas Volumen 62, (diciembre, 1984) páginas: 17- 102
Enumeración y primera página página: 17
942 ## - TIPO DE MATERIAL (KOHA)
Tipo de Item KOHA Artículos de Revista
945 ## - INFORMACIÓN LOCAL DEL REGISTRO
Catalogador AF

No hay ítems disponibles.

Biblioteca FUSBC | Teléfono: (57+4) 349 88 10 Ext. 141| WhatsApp (+57) 3005338115 
E-mail: biblioteca@unisbc.edu.co | Calle 76 87-14 Robledo Palenque, Medellín, Colombia

Con tecnología Koha